[Event "Subotica-ch"]
[Site "Subotica"]
[Date "2013.05.22"]
[Round "5"]
[White "Belic, Aleksandar"]
[Black "Godar, Stipan"]
[Result "1/2-1/2"]
[WhiteElo "1760"]
[BlackElo "2050"]
[PlyCount "20"]
[EventDate "2013.05.13"]
[EventType "swiss"]
[EventRounds "9"]
[EventCountry "SRB"]
[SourceTitle "CBM 154 Extra"]
[Source "ChessBase"]
[SourceDate "2013.06.25"]
[SourceVersion "2"]
[SourceVersionDate "2013.06.25"]
[SourceQuality "1"]

1. e4 e6 2. d4 d5 3. e5 c5 4. Qg4 cxd4 5. Bd3 Nc6 6. Nf3 Nge7 7. 0-0 Ng6 8. Re1 Be7 9. Nbd2 Bd7 10. Nb3 Qc7 1/2-1/2

[Event "Subotica-ch"]
[Site "Subotica"]
[Date "2012.05.11"]
[Round "3"]
[White "Fatyol, Istvan"]
[Black "Godar, Stipan"]
[Result "1/2-1/2"]
[WhiteElo "1913"]
[BlackElo "2075"]
[PlyCount "24"]
[EventDate "2012.05.07"]
[EventType "swiss"]
[EventRounds "9"]
[EventCountry "SRB"]
[SourceTitle "CBM 148 Extra"]
[Source "ChessBase"]
[SourceDate "2012.06.22"]
[SourceVersion "1"]
[SourceVersionDate "2012.06.22"]
[SourceQuality "1"]

1. d4 Nf6 2. c4 e5 3. dxe5 Ng4 4. Nf3 Nc6 5. Bf4 Bb4+ 6. Nbd2 Qe7 7. e3 Ngxe5 8. Nxe5 Nxe5 9. Be2 d6 10. 0-0 0-0 11. Qc2 Bxd2 12. Qxd2 Be6 1/2-1/2

[Event "Subotica-ch"]
[Site "Subotica"]
[Date "2012.05.07"]
[Round "1"]
[White "Foldi, Sandor"]
[Black "Godar, Stipan"]
[Result "1/2-1/2"]
[WhiteElo "1798"]
[BlackElo "2075"]
[PlyCount "21"]
[EventDate "2012.05.07"]
[EventType "swiss"]
[EventRounds "9"]
[EventCountry "SRB"]
[SourceTitle "CBM 148 Extra"]
[Source "ChessBase"]
[SourceDate "2012.06.22"]
[SourceVersion "1"]
[SourceVersionDate "2012.06.22"]
[SourceQuality "1"]

1. e4 e6 2. d4 d5 3. e5 c5 4. Nf3 cxd4 5. Qxd4 Nc6 6. Bb5 Qa5+ 7. Nc3 Bd7 8. Bxc6 bxc6 9. 0-0 Ne7 10. Ne2 Nf5 11. Qd2 1/2-1/2

[Event "Subotica-ch"]
[Site "Subotica"]
[Date "2011.03.04"]
[Round "6"]
[White "Godar, Stipan"]
[Black "Bosnjak, Slobodan"]
[Result "1-0"]
[WhiteElo "2102"]
[BlackElo "1911"]
[PlyCount "64"]
[EventDate "2011.02.21"]
[EventType "swiss"]
[EventRounds "9"]
[EventCountry "SRB"]
[SourceTitle "CBM 141 Extra"]
[Source "ChessBase"]
[SourceDate "2011.05.03"]
[SourceVersion "1"]
[SourceVersionDate "2011.05.03"]
[SourceQuality "1"]

1. e4 c5 2. c4 Nc6 3. Nf3 e5 4. Nc3 Nf6 5. d3 d6 6. Be2 a6 7. 0-0 Be7 8. Ne1 Nd4 9. f4 exf4 10. Bxf4 Bd7 11. Nf3 Ne6 12. Bd2 Bc6 13. Nd5 h6 14. Qe1 b6 15. Qg3 Nd7 16. Bc3 0-0 17. Nf4 Nf6 18. Nd5 Ne8 19. Nxe7+ Qxe7 20. Rf2 b5 21. b3 a5 22. Nh4 Qg5 23. Qxg5 hxg5 24. Nf5 Bd7 25. Ne7+ Kh8 26. Bg4 Ra7 27. Bxe6 Bxe6 28. Ng6+ Kg8 29. Nxf8 Kxf8 30. cxb5 a4 31. bxa4 Rxa4 32. b6 Bc8 1-0

[Event "Subotica-ch"]
[Site "Subotica"]
[Date "2011.02.28"]
[Round "4"]
[White "Godar, Stipan"]
[Black "Vucelic, Rade"]
[Result "1/2-1/2"]
[WhiteElo "2102"]
[BlackElo "1994"]
[PlyCount "27"]
[EventDate "2011.02.21"]
[EventType "swiss"]
[EventRounds "9"]
[EventCountry "SRB"]
[SourceTitle "CBM 141 Extra"]
[Source "ChessBase"]
[SourceDate "2011.05.03"]
[SourceVersion "1"]
[SourceVersionDate "2011.05.03"]
[SourceQuality "1"]

1. e4 e5 2. Nf3 Nf6 3. Nxe5 d6 4. Nf3 Nxe4 5. Bc4 Be7 6. 0-0 d5 7. Bb3 0-0 8. Re1 c6 9. d3 Nf6 10. Bg5 Nbd7 11. Nc3 Re8 12. h3 Nf8 13. Qd2 Bf5 14. Re2 1/2-1/2

[Event "Subotica-ch"]
[Site "Subotica"]
[Date "2010.02.24"]
[Round "4"]
[White "Godar, Stipan"]
[Black "Jesenski, Tibor"]
[Result "0-1"]
[WhiteElo "2116"]
[BlackElo "2294"]
[PlyCount "90"]
[EventDate "2010.02.17"]
[EventType "swiss"]
[EventRounds "9"]
[EventCountry "SRB"]
[SourceTitle "EXT 2019"]
[Source "ChessBase"]
[SourceDate "2018.10.10"]
[SourceVersion "1"]
[SourceVersionDate "2018.10.10"]
[SourceQuality "1"]

1. e4 d6 2. d4 Nf6 3. Nc3 g6 4. Be2 Nc6 5. Be3 e5 6. d5 Nd4 7. Bxd4 exd4 8. Qxd4 Bg7 9. Qd2 0-0 10. h4 c6 11. dxc6 bxc6 12. Rd1 Qb6 13. b3 Re8 14. Nh3 Nxe4 15. Nxe4 Rxe4 16. Ng5 Rd4 17. Bd3 Bg4 18. Nf3 Bxf3 19. gxf3 Qc5 20. Kf1 Qh5 21. Rh3 Rxh4 22. Rxh4 Qxh4 23. Kg2 Re8 24. Re1 Re5 25. Rxe5 Bxe5 26. Qe3 Bd4 27. Qe1 h5 28. c3 Be5 29. c4 Qh2+ 30. Kf1 h4 31. Be4 Qh1+ 32. Ke2 Qxe1+ 33. Kxe1 c5 34. Kf1 h3 35. Kg1 Bf4 36. a3 a5 37. Bd3 Kg7 38. Bf1 h2+ 39. Kg2 Kf6 40. Bd3 Ke5 41. Be4 Kd4 42. Bc6 f6 43. a4 Kc3 44. Bb5 Kxb3 45. Kh1 d5 0-1

[Event "Subotica-ch"]
[Site "Subotica"]
[Date "2009.02.27"]
[Round "6"]
[White "Kovac, Zoltan"]
[Black "Godar, Stipan"]
[Result "1/2-1/2"]
[WhiteElo "2061"]
[BlackElo "2135"]
[PlyCount "24"]
[EventDate "2009.02.16"]
[EventType "swiss"]
[EventRounds "9"]
[EventCountry "SRB"]
[SourceTitle "EXT 2019"]
[Source "ChessBase"]
[SourceDate "2018.10.10"]
[SourceVersion "1"]
[SourceVersionDate "2018.10.10"]
[SourceQuality "1"]

1. d4 Nf6 2. Nf3 e6 3. c4 d5 4. Nc3 c6 5. Bg5 Nbd7 6. e3 Be7 7. Bd3 dxc4 8. Bxc4 b5 9. Bd3 Bb7 10. 0-0 a6 11. Rc1 Rc8 12. Ne5 c5 1/2-1/2

[Event "Subotica-ch"]
[Site "Subotica"]
[Date "2008.02.25"]
[Round "4"]
[White "Godar, Stipan"]
[Black "Bicskei, Mihaly"]
[Result "1-0"]
[WhiteElo "2139"]
[BlackElo "1944"]
[PlyCount "81"]
[EventDate "2008.02.18"]
[EventType "swiss"]
[EventRounds "9"]
[EventCountry "YUG"]
[SourceTitle "CBM 123 Extra"]
[Source "ChessBase"]
[SourceDate "2008.05.06"]
[SourceVersion "1"]
[SourceVersionDate "2008.05.06"]
[SourceQuality "1"]

1. e4 c5 2. Nf3 d6 3. c4 Nc6 4. d4 cxd4 5. Nxd4 e6 6. Be3 Nf6 7. Nc3 Be7 8. Be2 a6 9. 0-0 0-0 10. f3 Bd7 11. Qd2 Nxd4 12. Bxd4 Bc6 13. Rfd1 Rc8 14. Rac1 Nd7 15. Be3 Re8 16. f4 f6 17. Bg4 Kf7 18. Nd5 Bf8 19. Nc3 Nc5 20. Qc2 Qc7 21. b4 Nd7 22. Qf2 b6 23. Nd5 exd5 24. cxd5 b5 25. dxc6 Nb8 26. Bxc8 Rxc8 27. Bb6 Qe7 28. Qd4 Kg8 29. Qd5+ Kh8 30. Rc3 g6 31. Bd4 Bg7 32. Rdc1 h6 33. g4 Kh7 34. R1c2 Rc7 35. Bb6 Rc8 36. Rh3 Bf8 37. Rd3 Qe8 38. Rdc3 Qe7 39. h4 Bg7 40. h5 gxh5 41. Qf5+ 1-0

[Event "Subotica-ch"]
[Site "Subotica"]
[Date "2008.02.22"]
[Round "3"]
[White "Jovanovic, Milan"]
[Black "Godar, Stipan"]
[Result "1/2-1/2"]
[WhiteElo "2032"]
[BlackElo "2139"]
[PlyCount "43"]
[EventDate "2008.02.18"]
[EventType "swiss"]
[EventRounds "9"]
[EventCountry "YUG"]
[SourceTitle "CBM 123 Extra"]
[Source "ChessBase"]
[SourceDate "2008.05.06"]
[SourceVersion "1"]
[SourceVersionDate "2008.05.06"]
[SourceQuality "1"]

1. d4 Nf6 2. Nf3 e6 3. Bf4 d5 4. e3 Bd6 5. Bd3 Bxf4 6. exf4 Qd6 7. g3 Qb4+ 8. Nbd2 Qxb2 9. 0-0 Nbd7 10. Qe2 0-0 11. c4 c5 12. Rfb1 Qc3 13. cxd5 exd5 14. Rc1 Qa3 15. Qe3 Qa4 16. dxc5 Re8 17. Qd4 Qxd4 18. Nxd4 Nf8 19. N2f3 Ne6 20. Nb5 a6 21. Nd6 Rd8 22. Rab1 1/2-1/2

[Event "Subotica-ch op "]
[Site "Subotica"]
[Date "2007.03.09"]
[Round "9"]
[White "Godar, Stipan"]
[Black "Gabric, Goran"]
[Result "1-0"]
[WhiteElo "2152"]
[BlackElo "1990"]
[PlyCount "64"]
[EventDate "2007.02.19"]
[EventType "swiss"]
[EventRounds "9"]
[EventCountry "YUG"]
[SourceTitle "EXT 2008"]
[Source "ChessBase"]
[SourceDate "2007.11.25"]
[SourceVersion "1"]
[SourceVersionDate "2007.11.25"]
[SourceQuality "1"]

1. e4 e5 2. Nf3 d6 3. Bc4 Nd7 4. d4 exd4 5. Qxd4 Ngf6 6. Nc3 Be7 7. 0-0 0-0 8. h3 Nb6 9. Bd3 h6 10. e5 dxe5 11. Qxd8 Rxd8 12. Nxe5 Re8 13. Re1 Bb4 14. Bd2 c6 15. a3 Bd6 16. Nc4 Rxe1+ 17. Rxe1 Nxc4 18. Bxc4 Bf5 19. Bb3 Re8 20. Rxe8+ Nxe8 21. Ne2 Be5 22. Bc3 Bxc3 23. Nxc3 Kf8 24. g4 Bg6 25. f4 f5 26. Kf2 fxg4 27. hxg4 Nf6 28. Ke3 Bf7 29. Bxf7 Kxf7 30. b4 g6 31. Ne2 h5 32. Kf3 Kg7 1-0

[Event "Subotica-ch op "]
[Site "Subotica"]
[Date "2007.03.02"]
[Round "6"]
[White "Kocic, Milorad"]
[Black "Godar, Stipan"]
[Result "1/2-1/2"]
[WhiteElo "1849"]
[BlackElo "2152"]
[PlyCount "20"]
[EventDate "2007.02.19"]
[EventType "swiss"]
[EventRounds "9"]
[EventCountry "YUG"]
[SourceTitle "EXT 2008"]
[Source "ChessBase"]
[SourceDate "2007.11.25"]
[SourceVersion "1"]
[SourceVersionDate "2007.11.25"]
[SourceQuality "1"]

1. e4 e5 2. Nf3 Nf6 3. Nc3 Nc6 4. Bb5 a6 5. Ba4 Bc5 6. h3 d6 7. 0-0 0-0 8. d3 h6 9. a3 Nd4 10. Nxd4 Bxd4 1/2-1/2

[Event "Subotica-ch op "]
[Site "Subotica"]
[Date "2007.02.28"]
[Round "5"]
[White "Godar, Stipan"]
[Black "Tomik, Ferenc"]
[Result "0-1"]
[WhiteElo "2152"]
[BlackElo "1900"]
[PlyCount "110"]
[EventDate "2007.02.19"]
[EventType "swiss"]
[EventRounds "9"]
[EventCountry "YUG"]
[SourceTitle "EXT 2008"]
[Source "ChessBase"]
[SourceDate "2007.11.25"]
[SourceVersion "1"]
[SourceVersionDate "2007.11.25"]
[SourceQuality "1"]

1. e4 c6 2. d4 d5 3. Nc3 dxe4 4. Nxe4 Nd7 5. Bc4 Ngf6 6. Ng5 e6 7. Ne2 h6 8. Nf3 Bd6 9. Bf4 Bxf4 10. Nxf4 Nd5 11. Nd3 b5 12. Bb3 a5 13. a4 0-0 14. 0-0 Bb7 15. Re1 Rc8 16. Nfe5 b4 17. Nxd7 Qxd7 18. Nc5 Qe7 19. Qe2 Rfe8 20. Rad1 Rc7 21. Qe5 Bc8 22. Rd3 Ra7 23. Rg3 f6 24. Qe4 Kh8 25. Bc4 Qf7 26. Bd3 f5 27. Qe5 Ree7 28. Nb3 Rad7 29. Nd2 Qf6 30. Nc4 Kg8 31. Qb8 Rc7 32. Nd6 Qf8 33. Nxc8 Qxc8 34. Qxc8+ Rxc8 35. Bc4 Kf7 36. Re5 Kf6 37. Kf1 c5 38. Bxd5 cxd4 39. Re2 exd5 40. Rxe7 Kxe7 41. Rxg7+ Kf6 42. Ra7 Rxc2 43. Rxa5 Ke5 44. Ra8 d3 45. Ke1 Rxb2 46. a5 Kd4 47. a6 b3 48. a7 Ra2 49. Rb8 Rxa7 50. Rxb3 Ra2 51. Rb6 Re2+ 52. Kf1 Re7 53. Rb1 d2 54. Ra1 Kd3 55. f3 Kc2 0-1